000 00754nam a2200217 a 4500
001 000042267
005 20201002040036.0
008 131121s1983 sp ac 000 0 spa d
020 _a843204301X
040 _aDO-SdBNP
_bspa
_cBNPHU
082 _axxx
_bL773a
100 1 _aLíster, Enrique
_d1907-
_969302
245 1 0 _aAsí destruyó Carrillo el PCE /
_cEnrique Líster ; edición Ester Berenguer.
260 _aBarcelona :
_bPlaneta,
_c1983.
300 _a277 p. :
_bil., retrs ;
_c20 cm.
490 1 _aDocumento
_v117
500 _aIncluye datos biográficos del autor en la solapa de la cubierta.
500 _aIncluye referencias bibliográficas y notas al pie de páginas.
700 1 2 _aBerenguer, Ester
_969303
830 0 _aDocumento
_n117
_969304
999 _c41756
_d41756